V autobuse Humoreska

Bibliographic Details
Main Authors: Mach, Vladimír (Author), Mach, Vlado (Author)
Format: Article
Language:Slovak
Subjects:

MARC

LEADER 00000nab a2200000 a 4500
001 vtls000180779
003 SK-MaSNL
005 20260302201451.0
008 111104c1984 xo 0 slo
015 |a SNBRB19rr/mm-uuuuu 
035 |a CL0190892 
040 |a SNKBUCL  |b slo  |c SNKBUCL  |e AACR2 
041 0 |a slo 
044 |a xo  |c SK 
080 |a 885.4-7  |2 1981 
100 1 |a Mach, Vladimír  |4 aut  |9 679122 
245 1 0 |a V autobuse  |b Humoreska  |c Vladimír Mach ; Vlado Mach 
650 0 7 |a humoresky  |2 snkbucl  |9 73390 
655 7 |a články z novín a časopisov  |2 snkbucl  |9 267496 
655 7 |a články z odboru literárna veda a krásna literatúra  |2 snkbucl  |9 770045 
700 1 |a Mach, Vlado  |4 aut  |9 921345 
773 0 |t Smena na nedeľu  |g Roč. 19, č. 17 (1984), s. 10 
850 |a Slovenská národná knižnica v Martine  |a MTA001 
852 |a SNK  |b KIS3GCP 
958 |a RK 
958 |a LX 
992 |a RBX 
999 |c 1461021  |d 1462951